|
|
|
|
| LEADER |
00759nam a22002171 4500 |
| 001 |
c000363900 |
| 003 |
CARM |
| 005 |
00000000000000.0 |
| 008 |
851113s1966 ks 00001 eng d |
| 019 |
1 |
|
|a 4153963
|5 LACONCORD2021
|
| 035 |
|
|
|a (OCoLC)282469
|5 LACONCORD2021
|
| 100 |
1 |
|
|a Hicks, Granville,
|d 1901-
|
| 245 |
1 |
0 |
|a James Gould Cozzens.
|
| 260 |
|
|
|a Minneapolis :
|b Minnesota U.P.,
|c 1966.
|
| 300 |
|
|
|a 47p.
|
| 490 |
0 |
|
|a Pamphlets on American writers ;
|v no. 258
|
| 600 |
1 |
0 |
|a Cozzens, James Gould.
|
| 852 |
8 |
|
|b CARM
|h A1:AM21B0
|i B09553
|p 0432762
|f BK
|
| 082 |
0 |
4 |
|a 813.5
|
| 999 |
f |
f |
|i c8aaff6f-e4f3-50e4-8cb0-28748bfa5b29
|s 253cc5ee-d5bd-5ec7-a2a6-aeb950b53fc9
|
| 952 |
f |
f |
|p Can circulate
|a CAVAL
|b CAVAL
|c CAVAL
|d CARM 1 Store
|e B09553
|f A1:AM21B0
|h Other scheme
|i book
|m 0432762
|